Espíritu y cuerpo de la música. /

Guardado en:
Autor Principal: Pahissa, Jaime.
Formato: Libro
Idioma:Undetermined
Publicado: Buenos Aires : Librería Hachette s.a., 1951.
Materias:
Etiquetas: Agregar Etiqueta
Sin Etiquetas, Sea el primero en etiquetar este registro!
LEADER 00534nam a22001575a 4500
001 EHU.bham047582
005 20110707095300.0
008 110707s1951####ag############000#0#und#d
100 1 |a Pahissa, Jaime. 
245 0 0 |a Espíritu y cuerpo de la música. /  |c Jaime Pahissa. 
260 |a Buenos Aires :  |b Librería Hachette s.a.,  |c 1951. 
300 |a 271 p. 
653 |a Clasificación de obras musicales. 
653 |a Música militar. 
653 |a Romanticismo y modernidad. 
859 |a AR-BHAM  |b BIB. HUMANIDADES - Donacion Lejarraga  |h MFN001801  |p 001801.19